Mudal Pothu nulaga iyakkam (Record no. 1050273)

MARC details
000 -LEADER
fixed length control field 00608nam a2200229Ia 4500
003 - CONTROL NUMBER IDENTIFIER
control field OSt
005 - DATE AND TIME OF LATEST TRANSACTION
control field 20221005124355.0
008 - FIXED-LENGTH DATA ELEMENTS--GENERAL INFORMATION
fixed length control field 221004b |||||||| |||| 00| 0 tam d
037 ## - SOURCE OF ACQUISITION
Terms of availability Textual
040 ## - CATALOGING SOURCE
Original cataloging agency CRL
Transcribing agency CRL
Language of cataloging tam
041 ## - LANGUAGE CODE
Source of code tam
Language code of text/sound track or separate title tam
100 ## - MAIN ENTRY--PERSONAL NAME
Personal name Thirumalai Muttuswamy Au.
9 (RLIN) 635112
245 #0 - TITLE STATEMENT
Title Mudal Pothu nulaga iyakkam
260 ## - PUBLICATION, DISTRIBUTION, ETC.
Date of publication, distribution, etc. 1962
300 ## - PHYSICAL DESCRIPTION
Extent 56p.
Dimensions cm.
942 ## - ADDED ENTRY ELEMENTS (KOHA)
Classification part 222v3124,I21, 31K2
Koha item type Textual
Source of classification or shelving scheme
Holdings
Withdrawn status Lost status Damaged status Not for loan Home library Current library Date acquired Total Checkouts Full call number Barcode Date last seen Price effective from Koha item type
        Central Library Central Library 2022-10-05   222v3124,I21 31K2 CL0360426 2022-10-05 2022-10-05 Textual
Copyright @ Delhi University Library System